| 000 | 00518nam a2200217Ia 4500 | ||
|---|---|---|---|
| 003 | OSt | ||
| 005 | 20221005125035.0 | ||
| 006 | a|||||r|||| 00| 0 | ||
| 007 | ta | ||
| 008 | 221004b |||||||| |||| 00| 0 eng d | ||
| 024 | _a114693 | ||
| 037 | _cTextual | ||
| 040 |
_aCRL _cCRL _beng |
||
| 041 |
_2eng _aeng |
||
| 100 | _aRao V S P | ||
| 245 | 0 | _aOrganization theory and beharriour | |
| 260 | _c1987 | ||
| 700 | _a Narayana P S | ||
| 942 |
_cTEXL _2cc |
||
| 999 |
_c1052505 _d1052505 |
||